|
|
|
|
| LEADER |
05163nam a2200841 4500 |
| 001 |
ocn773301086 |
| 003 |
OCoLC |
| 005 |
20170124072423.9 |
| 006 |
m o d |
| 007 |
cr cn||||||||| |
| 008 |
120119s2012 nju ob 001 0 eng d |
| 010 |
|
|
|z 2011015221
|
| 040 |
|
|
|a DG1
|b eng
|e pn
|c DG1
|d CDX
|d COO
|d E7B
|d OCLCQ
|d YDXCP
|d OCLCO
|d DEBSZ
|d OCLCQ
|d A7U
|d OCLCQ
|d OCLCA
|d OCLCQ
|d EBLCP
|d N$T
|d UKDOC
|d IDEBK
|d RECBK
|d OCLCQ
|d OCLCF
|d OCLCQ
|d DEBBG
|d OCLCQ
|d LOA
|d DG1
|d GrThAP
|
| 019 |
|
|
|a 769342416
|a 775064538
|a 778433080
|a 778620444
|a 816881969
|a 864905561
|a 960206684
|a 961492513
|a 962716847
|
| 020 |
|
|
|a 9781118121160
|q (electronic bk.)
|
| 020 |
|
|
|a 1118121163
|q (electronic bk.)
|
| 020 |
|
|
|a 0470624213
|
| 020 |
|
|
|a 9780470624210
|
| 020 |
|
|
|a 9781118121139
|q (e-book)
|
| 020 |
|
|
|a 1118121139
|q (e-book)
|
| 020 |
|
|
|a 1283400790
|
| 020 |
|
|
|a 9781283400794
|
| 020 |
|
|
|a 9781118121146
|q (electronic bk.)
|
| 020 |
|
|
|a 1118121147
|q (electronic bk.)
|
| 024 |
8 |
|
|a 9786613400796
|
| 028 |
0 |
1 |
|a EB00062700
|b Recorded Books
|
| 029 |
1 |
|
|a AU@
|b 000049641590
|
| 029 |
1 |
|
|a AU@
|b 000051585970
|
| 029 |
1 |
|
|a AU@
|b 000052899757
|
| 029 |
1 |
|
|a DEBBG
|b BV041828900
|
| 029 |
1 |
|
|a DEBBG
|b BV041909252
|
| 029 |
1 |
|
|a DEBSZ
|b 372811000
|
| 029 |
1 |
|
|a DEBSZ
|b 43106847X
|
| 029 |
1 |
|
|a DKDLA
|b 820120-katalog:000588200
|
| 029 |
1 |
|
|a NLGGC
|b 382356586
|
| 029 |
1 |
|
|a NZ1
|b 14211119
|
| 029 |
1 |
|
|a NZ1
|b 14792969
|
| 029 |
1 |
|
|a NZ1
|b 15340695
|
| 035 |
|
|
|a (OCoLC)773301086
|z (OCoLC)769342416
|z (OCoLC)775064538
|z (OCoLC)778433080
|z (OCoLC)778620444
|z (OCoLC)816881969
|z (OCoLC)864905561
|z (OCoLC)960206684
|z (OCoLC)961492513
|z (OCoLC)962716847
|
| 037 |
|
|
|a 10.1002/9781118121160
|b Wiley InterScience
|n http://www3.interscience.wiley.com
|
| 050 |
|
4 |
|a TJ163.5.F3
|b K66 2012
|
| 072 |
|
7 |
|a BUS
|x 093000
|2 bisacsh
|
| 082 |
0 |
4 |
|a 658.2/6
|2 23
|
| 084 |
|
|
|a TEC009010
|2 bisacsh
|
| 049 |
|
|
|a MAIN
|
| 100 |
1 |
|
|a Knopf, F. Carl,
|d 1952-
|
| 245 |
1 |
0 |
|a Modeling, analysis, and optimization of process and energy systems /
|c F. Carl Knopf.
|
| 264 |
|
1 |
|a Hoboken, N.J. :
|b Wiley,
|c 2012.
|
| 300 |
|
|
|a 1 online resource
|
| 336 |
|
|
|a text
|b txt
|2 rdacontent
|
| 337 |
|
|
|a computer
|b c
|2 rdamedia
|
| 338 |
|
|
|a online resource
|b cr
|2 rdacarrier
|
| 505 |
0 |
|
|a Frontmatter -- Introduction to Energy Usage, Cost, and Efficiency -- Engineering Economics with VBA Procedures -- Computer-Aided Solutions of Process Material Balances: The Sequential Modular Solution Approach -- Computer-Aided Solutions of Process Material Balances: The Simultaneous Solution Approach -- Process Energy Balances -- Introduction to Data Reconciliation and Gross Error Detection -- Gas Turbine Cogeneration System Performance, Design, and off-Design Calculations: Ideal Gas Fluid Properties -- Development of a Physical Properties Program for Cogeneration Calculations -- Gas Turbine Cogeneration System Performance, Design, and off-Design Calculations: Real Fluid Properties -- Gas Turbine Cogeneration System Economic Design Optimization and Heat Recovery Steam Generator Numerical Analysis -- Data Reconciliation and Gross Error Detection in a Cogeneration System -- Optimal Power Dispatch in a Cogeneration Facility -- Process Energy Integration -- Process and Site Utility Integration -- Site Utility Emissions -- Coal-Fired Conventional Utility Plants with CO Capture (Design and Off-Design Steam Turbine Performance) -- Alternative Energy Systems -- Appendix: Bridging Excel and C Codes -- Index.
|
| 504 |
|
|
|a Includes bibliographical references and index.
|
| 520 |
|
|
|a "Energy costs impact the profitability of virtually all industrial processes. Stressing how plants use power, and how that power is actually generated, this book provides a clear and simple way to understand the energy usage in various processes, as well as methods for optimizing these processes using practical hands-on simulations and a unique approach that details solved problems utilizing actual plant data. Invaluable information offers a complete energy-saving approach essential for both the chemical and mechanical engineering curricula, as well as for practicing engineers"--
|c Provided by publisher.
|
| 588 |
0 |
|
|a Print version record.
|
| 650 |
|
0 |
|a Factories
|x Energy conservation.
|
| 650 |
|
0 |
|a Manufacturing industries
|x Energy conservation.
|
| 650 |
|
0 |
|a Industrial efficiency
|x Simulation methods.
|
| 650 |
|
0 |
|a Manufacturing processes
|x Evaluation.
|
| 650 |
|
0 |
|a Electric power-plants
|x Efficiency.
|
| 650 |
|
4 |
|a Technology & engineering
|x Chemical and biochemical.
|
| 650 |
|
4 |
|a Business.
|
| 650 |
|
4 |
|a Engineering.
|
| 650 |
|
4 |
|a Mechanical engineering.
|
| 650 |
|
7 |
|a TECHNOLOGY & ENGINEERING
|x Chemical & Biochemical.
|2 bisacsh
|
| 650 |
|
7 |
|a Technology.
|2 fast
|0 (OCoLC)fst01145078
|
| 655 |
|
4 |
|a Electronic books.
|
| 655 |
|
7 |
|a Electronic books.
|2 local
|
| 710 |
2 |
|
|a Wiley InterScience (Online service)
|
| 776 |
0 |
8 |
|i Print version:
|a Knopf, F. Carl, 1952-
|t Modeling, analysis, and optimization of process and energy systems.
|d Hoboken, N.J. : Wiley, 2012
|z 9780470624210
|w (DLC) 2011015221
|w (OCoLC)727511684
|
| 856 |
4 |
0 |
|u https://doi.org/10.1002/9781118121160
|z Full Text via HEAL-Link
|
| 994 |
|
|
|a 92
|b DG1
|